Catálogo

EL VECINDARIO URBANO : (Registro nro. 6870)

Detalles MARC
000 -LEADER
fixed length control field 00574nam a2200193 a 4500
001 - CONTROL NUMBER
control field 6870
005 - DATE AND TIME OF LATEST TRANSACTION
control field 20180713190740.0
008 - FIXED-LENGTH DATA ELEMENTS--GENERAL INFORMATION
fixed length control field 140415s1975 mx 000 0 spa d
041 ## - LANGUAGE CODE
Language code of text/sound track or separate title spa
082 ## - DEWEY DECIMAL CLASSIFICATION NUMBER
Classification number 307.76
Item number KEL
100 1# - MAIN ENTRY--PERSONAL NAME
Personal name KELLER, SUSANNE
245 13 - TITLE STATEMENT
Title EL VECINDARIO URBANO :
Remainder of title UNA PERSPECTIVA SOCIOLOGICA
250 ## - EDITION STATEMENT
Edition statement 1a ed.
260 ## - PUBLICATION, DISTRIBUTION, ETC.
Place of publication, distribution, etc. MEXICO :
Name of publisher, distributor, etc. SIGLO VEINTIUNO EDITORES,
Date of publication, distribution, etc. 1975
300 ## - PHYSICAL DESCRIPTION
Extent 255
Dimensions 10.5 x 1 x 18
650 14 - SUBJECT ADDED ENTRY--TOPICAL TERM
Topical term or geographic name entry element SOCIOLOGIA URBANA
700 1# - ADDED ENTRY--PERSONAL NAME
Personal name DOXIADIS, C. A.
Relator term pról.
700 1# - ADDED ENTRY--PERSONAL NAME
Personal name RUIZ DE ELVIRA ZUBIZARRETA, LAGDALENA
Relator term coaut.
Existencias
Withdrawn status Lost status Source of classification or shelving scheme Damaged status Not for loan Collection code Home library Current library Shelving location Date acquired Source of acquisition Inventory number Total Checkouts Full call number Barcode Date last seen Price effective from Koha item type
    Dewey Decimal Classification     General Biblioteca Karol Wojtyla Biblioteca Karol Wojtyla Sala general 03/12/2013 Compra 151000000000000000053117   307.76 KEL 19525 05/01/2026 03/12/2013 Libro